000 01022nam a22002417a 4500
001 6115
003 FISKH
005 20250314162914.0
008 250314b cb ||||| |||| 00| 0 eng d
020 _a9789924340607
040 _aFISKH
_bKhmer
_cFISKH
_dFISKH
050 _aPZ7
082 _a800
100 _aNaron , Hangchhoun
245 _aវិភាគទាននៃការសិក្សាអក្សរសិល្ប៍ខ្មែរ :
_b ក្នុងការលើកកម្ពស់អំណាននៅកម្ពុជា /
_cដោយ បណ្ឌិតសភាចារ្យ ហង់ជួន ណារ៉ុន
250 _aសហការជាមួយគ្រឺះស្ថានបោះពុម្ពផ្សាយសុីប៉ា
260 _aPhnom Penh :
_bSipar ;
_c2019.
300 _a85 pages :
_billustrations ;
_c21 cm .
650 _aអក្សរសិល្ប៏ខ្មែរ​
650 _aKhmer Literature
942 _2ddc
_cBK
_n0
999 _c6115
_d6115